01885cam a22002651 450000100060000000300080000600500170001400800410003103500140007204000310008604100110011708200220012810000600015024500400021026000470025030000360029750000950033350400290042850509200045760000470137765000310142494200120145599900170146795201350148410511BD-RjUL20211208234952.0230114s1956 nyuc b 010 0 eng  a(BD-RjUL) aDLC/ICUcICUdBD-RjULbeng0 aengger00a547.082bPER 19561 aTodd, Alexander R.q(Alexander Robertus),d1907-93247410aPerspectives in organic chemistry / aNew York,bInterscience Publishers,c1956. ax, 527 p.:bcol. port.;c24 cm. aPublished on the occasion of the 70th birthday of Sir Robert Robinson, September 13, 1956. aIncludes bibliographies.0 aThe nature of the theory of resonance, by L. Pauling.----Reaction mechanisms, by P.D. Bartlett.--The development of the concept of aromaticity, by W. Baker.--Stereochemistry, by D.H.R. Barton.--Bedeutung der vielgliedrigen Ringverbindungen für die theoretische organische Chemie, by V. Prelog.--Biosynthetic theories in organic chemistry, by A.J. Birch.--Synthesis, by R.B. Woodward.--Neue Entwicklungen der metallorganischen Synthese, by K. Ziegler.--Carbohydrates, by E.L. Hirst.--Nucleic acids, by Sir A. Todd.--Bedeutung der theoretischen organischen Chemie für die Chemie der Terpenverbindungen, by L. Ruzicka.--Steroids, by C.W. Shoppee.--Alkaloids, by E. Schlittler.--Isotopes in organic chemistry, by J.W. Cornforth.--Microorganisms in organic chemistry, by K. Folkers.--Chemotherapy, by J. Walker.--Organic chemistry and conifer taxonomy, by H. Erdtman.--Organische Chemie und Genetik, by A. Butenandt.10aRobinson, Robert,cSir,d1886-1975.932475 0aChemistry, Organic.932476 2ddccBK c10511d10511 00102ddc40718NFICaRUCLbRUCLcReadingd1965-11-27eZietg85.00l0o547.082 PER 1956r2014-01-23 00:00:00tC-1w2014-01-23yBK